000
00264nam a2200109 a 4500
005
20201002053529.0
008
180426s2017 000 spa d
020
_a
9789945194845
245
0
_a
Matemáticas 5 :.
260
_a
Santo Domingo,
_c
2017.
999
_c
46789
_d
46789
040
_a
DO-SdBNP